1990 1032 1101 1344 1960 1006 1504 1471 1087 1756 1562 1056 1117 1935 1188 1059 1032 1727 1143 1808 1531 1941 1227 1184 1491 1316 1622 1676 1311 1304 1720 1677 1456 1887 1475 1702 1508 1039 1054 1049 1164 1599 1739 1526 1886 1549 1194 1358 1629 1249 1941 1108 1593 1184 1373 1193 1600 1324 1067 1388 1681 1559 1161 1524 1163 1894 1724 1552 1151 1965 1970 1061 1951 1908 1235 1970 1232 1790 1446 1183 1086 1712 1079 1127 1999 1754 1249 1538 1200 1217 1741 1351 1716 1366 1455 1770 1626 1352 1746 BCNSPRNW ULIB Ver.6.0+V

เปลี่ยนเป็นภาษาไทย

Change to English
 แสดงรายละเอียดบรรณานุกรม
  กลับหน้าหลัก

Brief Record : Get Marc (ISO 2709) : E-mail record : QR code < ปิดหน้าต่าง
LEADER : 00000nam 2200000uu 4500
001    13399110520
003     ULIB
008    110602s2547||||th 000 0 tha d
020    9741329121
060 04 WP630^bด315ฮ 2547
100 0  ดำรง เหรียญประยูร
245 10 ฮอร์โมนคุมกำเนิด /^cดำรง เหรียญประยูร
250    พิมพ์ครั้งที่ 1
260    กรุงเทพฯ :^bดีไซร์,^c2547
300    95 หน้า
650  7 ยาคุมกำเนิด
650  7 สารคุมกำเนิด
945    ^p150^l0^i018841
995    ทศพร
999 ^a ใช้งานได้ทุกระบบ
รายการนี้ยังไม่มีแท็ก
คุณยังไม่ได้ล็อกอิน คุณสามารถมีกิจกรรมร่วมกับเว็บไซต์ได้ แต่ต้องล็อกอินก่อน ::
  ล็อกอิน

รายการสื่อสารสนเทศ

ลำดับที่ ประเภท เลขเรียก/บาร์โค้ด สถานที่ สถานะ
- ไม่พบข้อมูล -

BibComment


ยังไม่เคยถูกคอมเมนท์

คอมเมนท์ทรัพยากรรายการนี้
  คอมเมนท์: ฮอร์โมนคุมกำเนิด ..


 Copyright 2026. Bcnsprnw @Library